Statistics for Cities by the Landmarks in the Picture (1)

Click here to take the quiz!

General Stats

  • This quiz has been taken 26 times
  • The average score is 8 of 16

Answer Stats

Answer% Correct
Paris
100%
Sydney
100%
Athens
96%
Rome
96%
Seattle
91%
Kuala Lumpur
87%
Mecca
83%
Bangkok
65%
Seoul
35%
New Delhi
30%
Brasilia
17%
Casablanca
17%
Auckland
13%
Bandar Seri Begawan
9%
Islamabad
4%
Ho Chi Minh City
0%

Score Distribution

Percentile by Number Answered

Percent of People with Each Score

Your Score History

You have not taken this quiz